Monumentos megalíticos /

Guardado en:
Autor Corporativo: Folio.
Formato: Deslizar
Series:Orígenes del hombre
Materias:
Etiquetas: Agregar Etiqueta
Sin Etiquetas, Sea el primero en etiquetar este registro!
LEADER 01057ngm a22002895g 4500
001 CEM.cems021918
008 130507b199?##################0###0#####d
005 20240919173642.0
245 1 0 |a Monumentos megalíticos /  |c Folio. 
300 |a 44 
490 0 |a Orígenes del hombre 
500 |a En soporte VHS, consultar en ventanilla. 
505 0 |a Menires. Misterio de la muerte. Megalithos. Ciclos solares. Dólmenes: datación. Monumentos funerarios. Investigaciones antropológicas. Costa norte de Irlanda. Islas de Micronesia. Construcciones. Melanesia. Magia, mitos, etc. 
538 |a Soporte: VHS - Norma: Pal N - Color - Biblioteca EMUNS - Hitachi=0000 
110 2 |a Folio. 
082 5 7 |. 9/FOL-2 
653 |a ARQUITECTURA 
653 |a ARQUEOLOGIA 
653 |a ANTROPOLOGIA 
653 |a PREHISTORIA 
653 |a MEGALITICO 
653 |a MENIRES 
653 |a DOLMENES 
653 |a HISTORIA 
653 |a MONUMENTOS MEGALITICOS 
653 |a NIVEL SECUNDARIO 
859 |a CEMS  |b BIB. CEMS - Depto. Recursos Didacticos  |h 571.9  |i FOL-2  |k DRD  |p 561.12  |t Ej.1